000 00703nam a2200253 a 4500
001 nice12345678
003 IN_TiNIC
005 20260116013243.0
008 050524s1993 newa grp 000 0 eng
020 _a8124612
_c260
082 0 0 _a294.5436
_bAND
100 _aAnderson, Leona M
245 _aVasantotsava
_b the Spring Festivals of India, Texts and Traditions
260 _aNew Delhi
_bDk Printworld
_c1993
300 _a254p
500 _aincludes index and biblioraphy
505 2 _aGlossary, Dates of Texts, Bibliography, Index
650 _aFestivals-Hindu
650 _aVasantotsava
700 1 _aAnderson, Leona M
902 _bSRS
942 _cBK
999 _c10269
_d10269